¿Quién soy? (Record no. 6319)
[ view plain ]
| 000 -CABECERA | |
|---|---|
| campo de control de longitud fija | 00720cam a2200217 a 4500 |
| 001 - NÚMERO DE CONTROL | |
| campo de control | 000006528 |
| 005 - FECHA Y HORA DE LA ÚLTIMA TRANSACCIÓN | |
| campo de control | 20200929153939.0 |
| 008 - DATOS DE LONGITUD FIJA--INFORMACIÓN GENERAL | |
| campo de control de longitud fija | 830404s1982 cl 000 0aspa d |
| 040 ## - FUENTE DE LA CATALOGACIÓN | |
| Centro catalogador/agencia de origen | DO-SdBNP |
| Lengua de catalogación | spa |
| Centro/agencia transcriptor | LC |
| Centro/agencia modificador | BNPHU |
| 082 ## - NÚMERO DE LA CLASIFICACIÓN DECIMAL DEWEY | |
| Número de clasificación | 928.83 |
| Número de documento/Ítem | E26q |
| 049 ## - FONDOS LOCALES (OCLC) | |
| Fondos de biblioteca | BNGR |
| 100 1# - ENTRADA PRINCIPAL--NOMBRE DE PERSONA | |
| Nombre de persona | Edwards, Isabel. |
| 9 (RLIN) | 18121 |
| 245 10 - MENCIÓN DE TÍTULO | |
| Título | ¿Quién soy? |
| 260 ## - PUBLICACIÓN, DISTRIBUCIÓN, ETC. | |
| Lugar de publicación, distribución, etc. | [Santiago, Chile] : |
| Nombre del editor, distribuidor, etc. | Agrupación Amigos del Libro, |
| Fecha de publicación, distribución, etc. | [1982]. |
| 300 ## - DESCRIPCIÓN FÍSICA | |
| Extensión | 44 p. ; |
| Dimensiones | 18 cm. |
| 490 1# - MENCIÓN DE SERIE | |
| Mención de serie | Quién es quién en las letras chilenas? |
| 600 10 - PUNTO DE ACCESO ADICIONAL DE MATERIA--NOMBRE DE PERSONA | |
| Nombre de persona | EDWARDS, ISABEL |
| Subdivisión general | BIOGRAFÍA |
| 9 (RLIN) | 18122 |
| 650 #4 - PUNTO DE ACCESO ADICIONAL DE MATERIA--TÉRMINO DE MATERIA | |
| Término de materia o nombre geográfico como elemento de entrada | Autoras chilenas authors, chilean |
| Subdivisión cronológica | SIGLO XX |
| Subdivisión general | Biografía |
| 9 (RLIN) | 18123 |
| 830 #0 - PUNTO DE ACCESO ADICIONAL DE SERIE-TÍTULO UNIFORME | |
| Título uniforme | ¿Quién es quién en las letras chilenas? ; |
| 9 (RLIN) | 18124 |
| 910 ## - DATOS DE OPCIÓN DEL USUARIO (OCLC) | |
| Datos de opción del usuario | Catalogación derivada |
| Estado de retiro | Estado de pérdida | Restricciones de uso | No para préstamo | Código de colección | Localización permanente | Ubicación/localización actual | Ubicación en estantería | Fecha de adquisición | Número de inventario | Total de préstamos | Signatura topográfica completa | Código de barras | Fecha visto por última vez | Precio válido a partir de | Tipo de ítem Koha |
|---|---|---|---|---|---|---|---|---|---|---|---|---|---|---|---|
| Monografías: Libros y Folletos | General | General | En catalogación | 31.08.2009 | LF1 | 928.83 E26q | 6528-10 | 25.06.2020 | 25.06.2020 | Préstamo en sala |
